[Event "Znojemska Rotunda Open 2024 - turnaj A"]
[Site "Loucky klaster ve Znojme – Klasterni, 671 81 Znojmo (stukove saly)"]
[Date "2024.06.30"]
[Round "9.4"]
[White "Molik, Zdenek"]
[Black "Adharsh, K"]
[Result "0-1"]
[WhiteFideId "314374"]
[BlackFideId "25718207"]
[WhiteElo "2131"]
[BlackElo "1927"]
[EventDate "2024.06.23"]

1. e4 c5 2. Nf3 Nc6 3. Bb5 g6 4. O-O Bg7 5. Re1 a6 6. Bf1 d6 7. c3 e5 8. h3
Nge7 9. Na3 O-O 10. Nc2 f5 11. Bc4+ Kh8 12. Ng5 Qe8 13. d3 b5 14. Be6 h6 15.
Bxc8 Qxc8 16. Nf3 Qb7 17. b3 d5 18. Ba3 dxe4 19. dxe4 fxe4 20. Nd2 b4 21. Bb2
bxc3 22. Bxc3 Rad8 23. Qc1 Nd5 24. Nxe4 Nf4 25. Nxc5 Qb5 26. Qe3 Nd5 27. Na3
Qb6 28. Na4 Qb7 29. Qg3 Nf4 30. Nc4 Rd3 31. f3 Nxg2 32. Qxg2 Rfxf3 33. Rad1
Qa7+ 34. Kh2 Rxc3 35. Nxc3 Rf2 36. Re2 Rxg2+ 37. Rxg2 Nd4 38. Rd3 Qf7 39. Nd2
Qf4+ 40. Kg1 Qh4 41. Nde4 Kh7 42. Rf2 g5 43. Kg2 Ne6 44. Rg3 Nf4+ 45. Kf3 Nxh3
46. Rh2 Qf4+ 47. Ke2 Ng1+ 48. Kd3 Nf3 49. Rh1 g4 50. Nd5 Qf7 51. Kc4 Qf5 52.
Kd3 Qd7 53. Nec3 e4+ 54. Kxe4 Bxc3 0-1

[Event "Znojemska Rotunda Open 2024 - turnaj A"]
[Site "Loucky klaster ve Znojme – Klasterni, 671 81 Znojmo (stukove saly)"]
[Date "2024.06.30"]
[Round "9.5"]
[White "Mayer, Josef"]
[Black "Buchta, Vaclav"]
[Result "0-1"]
[WhiteFideId "310972"]
[BlackFideId "23739118"]
[WhiteElo "1927"]
[BlackElo "2099"]
[EventDate "2024.06.23"]

1. c4 c5 2. Nc3 Nc6 3. g3 g6 4. Bg2 Bg7 5. Nf3 d6 6. O-O e5 7. Ne1 Nge7 8. Nc2
O-O 9. Ne3 f5 10. Ned5 Nxd5 11. Nxd5 f4 12. d3 Nd4 13. h3 g5 14. Kh2 g4 15. Be4
gxh3 16. e3 fxg3+ 17. fxg3 Rxf1 18. Qxf1 Nc6 19. Bd2 Be6 20. Bf5 Bxf5 21. Qxf5
Qf8 22. g4 e4 23. dxe4 Ne5 24. Kxh3 Nxc4 25. Bc3 Bxc3 26. bxc3 Qh6+ 27. Qh5
Qxh5+ 28. gxh5 Rf8 29. Rg1+ Kh8 30. h6 Ne5 31. Rg7 Rf7 32. Ne7 Rxg7 33. hxg7+
Kxg7 34. Nf5+ Kf6 35. Nxd6 b6 36. Kg3 Ke6 37. Nb5 a6 38. Nc7+ Kd6 39. Nd5 b5
40. Kf4 a5 41. Nf6 b4 42. cxb4 axb4 43. Ne8+ Kd7 44. Nf6+ Ke6 45. Nxh7 c4 46.
Ng5+ Kd6 47. Nh3 b3 0-1

[Event "Znojemska Rotunda Open 2024 - turnaj A"]
[Site "Loucky klaster ve Znojme – Klasterni, 671 81 Znojmo (stukove saly)"]
[Date "2024.06.30"]
[Round "9.6"]
[White "Dvorak, Libor"]
[Black "Luc, Martin"]
[Result "1/2-1/2"]
[WhiteFideId "316598"]
[BlackFideId "390356"]
[WhiteElo "1990"]
[BlackElo "1822"]
[EventDate "2024.06.23"]

1. Nf3 Nf6 2. c4 g6 3. g3 Bg7 4. Bg2 O-O 5. O-O d6 6. Nc3 e5 7. d3 Re8 8. Rb1
e4 9. dxe4 Nxe4 10. Nxe4 Rxe4 11. Ng5 Re8 12. Bd5 Re7 13. c5 h6 14. cxd6 cxd6
15. Ne4 Kh7 16. Qb3 Nc6 17. Be3 Bf5 18. f3 Bh3 19. Rfd1 f5 20. Nxd6 f4 21. gxf4
Nd4 22. Bxd4 Qxd6 23. Be5 Qc5+ 24. e3 Bxe5 1/2-1/2

[Event "Znojemska Rotunda Open 2024 - turnaj A"]
[Site "Loucky klaster ve Znojme – Klasterni, 671 81 Znojmo (stukove saly)"]
[Date "2024.06.30"]
[Round "9.7"]
[White "Marek, Jakub"]
[Black "Hemala, Lubos"]
[Result "1-0"]
[WhiteFideId "350702"]
[BlackFideId "336564"]
[WhiteElo "1932"]
[BlackElo "1907"]
[EventDate "2024.06.23"]

1. d4 e6 2. c4 c5 3. d5 d6 4. Nc3 Nf6 5. e4 Be7 6. Bd3 e5 7. h3 Na6 8. a3 Nc7
9. Nge2 Bd7 10. O-O O-O 11. f4 Rb8 12. fxe5 dxe5 13. Bc2 a6 14. d6 Ne6 15. dxe7
Qxe7 16. Be3 b5 17. Nd5 Nxd5 18. cxd5 Nd4 19. Nxd4 cxd4 20. Bd2 Qc5 21. Bd3 Qb6
22. Bb4 Rfe8 23. Rc1 a5 24. Bc5 Qg6 25. Qf3 Rb7 26. b4 a4 27. Kh2 f6 28. Bxd4
exd4 29. e5 Qg5 30. e6 Bc8 31. Rfe1 Rb6 32. Rc5 Bb7 33. Bxb5 Rxb5 34. Rxb5 Ba6
35. Rb6 Bc4 36. d6 Bxe6 37. Rxe6 Rxe6 38. d7 Qe5+ 39. Qg3 Qd5 40. Rxe6 Qxd7 41.
Rd6 1-0

[Event "Znojemska Rotunda Open 2024 - turnaj A"]
[Site "Loucky klaster ve Znojme – Klasterni, 671 81 Znojmo (stukove saly)"]
[Date "2024.06.30"]
[Round "9.9"]
[White "Svoboda, Frantisek"]
[Black "Vejlupek, Pavel"]
[Result "1-0"]
[WhiteFideId "348937"]
[BlackFideId "23759399"]
[WhiteElo "1753"]
[BlackElo "1713"]
[EventDate "2024.06.23"]
[PlyCount "43"]

1. e4 e5 2. Bc4 Bc5 3. d4 exd4 4. Bxf7+ Kxf7 5. Qh5+ g6 6. Qxc5 Nc6 7. Nf3 d6
8. Ng5+ Ke8 9. Qd5 Qe7 10. O-O Nf6 11. Qc4 h6 12. Nf3 Be6 13. Qa4 Kf7 14. Nxd4
Nxd4 15. Qxd4 Nd7 16. Nc3 Kg8 17. Nd5 Bxd5 18. Qxd5+ Kg7 19. b3 c6 20. Bb2+ Kh7
21. Qd2 Rhg8 22. Rad1 1-0